Kadra reprezentacji Ukrainy na Euro 2024 - Statystyki

Ogólne statystyki
  • Ten quiz został rozwiązany 154 razy
  • Średni wynik to 9 z 26
Statystyki odpowiedzi
Zawodnik Pozycja Klub % Poprawnych
Andrij Łunin Bramkarz Real Madryt
92%
Mychajło Mudryk Pomocnik Chelsea
81%
Artem Dowbyk Napastnik Girona
76%
Anatolij Trubin Bramkarz Benfica
73%
Ołeksandr Zinczenko Pomocnik Arsenal
65%
Wiktor Cyhankow Pomocnik Girona
58%
Witalij Mykołenko Obrońca Everton
54%
Rusłan Malinowski Pomocnik Genoa
47%
Illa Zabarny Obrońca Bournemouth
46%
Roman Jaremczuk Napastnik Valencia
46%
Andrij Jarmołenko Pomocnik Dynamo Kijów
43%
Taras Stepanenko Pomocnik Szachtar Donieck
35%
Heorhij Buszczan Bramkarz Dynamo Kijów
33%
Mykoła Szaparenko Pomocnik Dynamo Kijów
22%
Heorhij Sudakow Pomocnik Szachtar Donieck
21%
Ołeksandr Zubkow Pomocnik Szachtar Donieck
16%
Władysław Wanat Napastnik Dynamo Kijów
15%
Juchym Konopla Obrońca Szachtar Donieck
14%
Mykoła Matwijenko Obrońca Szachtar Donieck
14%
Ołeksandr Tymczyk Obrońca Dynamo Kijów
14%
Serhij Sydorczuk Pomocnik Westerlo
13%
Walerij Bondar Obrońca Szachtar Donieck
13%
Wołodymyr Brażko Pomocnik Dynamo Kijów
10%
Maksym Tałowierow Obrońca LASK
9%
Bohdan Mychajliczenko Obrońca Polissia Żytomierz
8%
Ołeksandr Swatok Obrońca Dnipro
7%
Nie znaleziono quizów pasujących do podanych kryteriów
Rozkład punktacji
Procent ludzi z każdym wynikiem
Percentyl według liczby udzielonych odpowiedzi
Twoja historia wyników
Nie rozwiązałeś tego quizu